00426nam a2200157Ia 45000010006000000050017000060080041000230410008000640820017000721000037000892450089001262600009002153000028002246500008002526540008002602255420260414150839.0260414t2013||||xx |||||||||||||| ||spa|| aESP a621.382bL88 aLópez Veraguas, Joan PereeAUT 0aCompatibilidad electromagnética y seguridad funcional en sistemas electrónicosb c2013 a437 páginas :c23 cm. aTCA aCET